Numerical ability 18 days wonder : (Record no. 194182)

MARC details
000 -LEADER
fixed length control field 00946nam a22002057a 4500
005 - DATE AND TIME OF LATEST TRANSACTION
control field 20230130105329.0
010 ## - LCCN (DPL NO)
LC control number B-747255-266 E.N.A./7.11.22
020 ## - INTERNATIONAL STANDARD BOOK NUMBER
International Standard Book Number 9789352533190
Terms of availability 365.00
035 ## - SYSTEM CONTROL NUMBER
System control number B-747255-266
037 ## - SOURCE OF ACQUISITION
Source of stock number/acquisition AKPD
082 ## - DEWEY DECIMAL CLASSIFICATION NUMBER
Classification number 000
100 ## - MAIN ENTRY--PERSONAL NAME
Personal name Khurana, KJS
245 00 - TITLE STATEMENT
Title Numerical ability 18 days wonder :
Statement of responsibility, etc by KJS Khurana [and] R Markanday
Remainder of title a day-to-day result oriented fully solved course for sure succes in competitive exams / /
260 ## - PUBLICATION, DISTRIBUTION, ETC. (IMPRINT)
Place of publication, distribution, etc New Delhi
Name of publisher, distributor, etc S. Chand and Company
Date of publication, distribution, etc 2022
270 ## - ADDRESS
Address Block B-1, House No.D-1, Ground Floor, Mohan Co-operative Industrial Estate,
City New Delhi
Postal code 110044
300 ## - PHYSICAL DESCRIPTION
Extent 422p.
Dimensions 24cm(pbk)
Other physical details ill.
700 ## - ADDED ENTRY--PERSONAL NAME
Personal name Markanday, Rajeev
942 ## - ADDED ENTRY ELEMENTS (KOHA)
Source of classification or shelving scheme Dewey Decimal Classification
Item type English Books
Call number suffix KHU
Classification part 000
Holdings
Withdrawn status Lost status Not for loan Collection code Home library Current library Date acquired Source of acquisition Cost, normal purchase price Full call number Barcode Copy number Cost, replacement price Koha item type
      Non-fiction Ashok Vihar Ashok Vihar 30/01/2023 AKPD/A-22/28.11.22/147/23.11.22/2.12.22 365.00 000 KHU B-747256 1 365.00 English Books
      Non-fiction Bawana Bawana 30/01/2023 AKPD/A-22/28.11.22/147/23.11.22/2.12.22 365.00 000 KHU B-747260 1 365.00 English Books
      Non-fiction Central Library Central Library 30/01/2023 AKPD/A-22/28.11.22/147/23.11.22/2.12.22 365.00 000 KHU B-747255 1 365.00 English Books
      Non-fiction Community Library Lodhi Road Community Library Lodhi Road 30/01/2023 AKPD/A-22/28.11.22/147/23.11.22/2.12.22 365.00 000 KHU B-747264 1 365.00 English Books
      Non-fiction Kadipur Kadipur 30/01/2023 AKPD/A-22/28.11.22/147/23.11.22/2.12.22 365.00 000 KHU B-747261 1 365.00 English Books
      Non-fiction Patel Nagar Patel Nagar 30/01/2023 AKPD/A-22/28.11.22/147/23.11.22/2.12.22 365.00 000 KHU B-747257 1 365.00 English Books
      Non-fiction RC4 Seelam Pur RC4 Seelam Pur 30/01/2023 AKPD/A-22/28.11.22/147/23.11.22/2.12.22 365.00 000 KHU B-747266 1 365.00 English Books
      Non-fiction RCZLS D RCZLS D 30/01/2023 AKPD/A-22/28.11.22/147/23.11.22/2.12.22 365.00 000 KHU B-747265 1 365.00 English Books
      Non-fiction Sarojini Nagar Sarojini Nagar 30/01/2023 AKPD/A-22/28.11.22/147/23.11.22/2.12.22 365.00 000 KHU B-747258 1 365.00 English Books
      Non-fiction Shahdara Branch Shahdara Branch 30/01/2023 AKPD/A-22/28.11.22/147/23.11.22/2.12.22 365.00 000 KHU B-747262 1 365.00 English Books
      Non-fiction Shahdara Branch Shahdara Branch 30/01/2023 AKPD/A-22/28.11.22/147/23.11.22/2.12.22 365.00 000 KHU B-747263 1 365.00 English Books
      Non-fiction Vinoba Puri Vinoba Puri 30/01/2023 AKPD/A-22/28.11.22/147/23.11.22/2.12.22 365.00 000 KHU B-747259 1 365.00 English Books

© Delhi Public Library
Hit Counter
free hit counter